00426 2200169 4500001002100000005001700021006001900038008004100057020002200098035002500120090001600145100001300161245002500174250001100199260002800210990001800238INLIS00000000000958820140314130826.0a ||| | 180719| ||| |  a978-979-22-5864-6 a0010-111300000000108 a641.3 IND l0 aINDRIANI00aLEZATNYA AYAM GORENG acet, 1 aJakartabGramediac2010 a10948/PN/2013